Normal view
MARC view
Entry Uniform Title
001 - CONTROL NUMBER
- control field: 28133
003 - CONTROL NUMBER IDENTIFIER
- control field: dpl
005 - DATE AND TIME OF LATEST TRANSACTION
- control field: 20110518114007.0
008 - FIXED-LENGTH DATA ELEMENTS
- fixed length control field: 110518|||a|||||| | ||| d
040 ## - CATALOGING SOURCE
- Original cataloging agency: dpl
- Transcribing agency: dpl
130 ## - HEADING--UNIFORM TITLE
- Uniform title: Routledge studies in South Asian history
670 ## - SOURCE DATA FOUND
- Source citation: Work cat.: (dpl): 25528, The social history of health and medicine in colonial India /, 2011
670 ## - SOURCE DATA FOUND
- Source citation: Work cat.: (dpl): 25528, The social history of health and medicine in colonial India /, 2011
